| 000 | 03825cam a22005534a 4500 | ||
|---|---|---|---|
| 001 | muse12061 | ||
| 003 | MdBmJHUP | ||
| 005 | 20210127150950.0 | ||
| 006 | m o d | ||
| 007 | cr||||||||nn|n | ||
| 008 | 090617s2010 dcu o 00 0 eng d | ||
| 010 | _z 2009024105 | ||
| 020 | _a9781589016743 | ||
| 020 | _a1589016742 | ||
| 020 | _z9781589016293 (pbk. : alk. paper) | ||
| 020 | _z1589016297 | ||
| 035 | _a(OCoLC)648711554 | ||
| 040 |
_aMdBmJHUP _cMdBmJHUP |
||
| 050 | 0 | 4 |
_aP302.7 _b.G48 2008 |
| 082 | 0 |
_a401/.41 _222 |
|
| 245 | 1 | 0 |
_aTelling Stories _bLanguage, Narrative, and Social Life / _cDeborah Schiffrin, Anna De Fina, and Anastasia Nylund, editors. |
| 264 | 1 | _bGeorgetown University Press, | |
| 264 | 3 | _bProject MUSE, | |
| 300 |
_a1 online resource (vi, 219 p.) : _bill. ; |
||
| 490 | 0 | _aGeorgetown University Round Table on languages and linguistics series | |
| 500 | _aPapers based on those presented at the 2008 Georgetown University Round Table On Languages and Linguistics (GURT). | ||
| 504 | _aIncludes bibliographical references. | ||
| 505 | 0 | _aIntroduction / Deborah Schiffrin and Anna De Fina -- Where Should I begin? / William Labov -- The remediation of storytelling : Narrative performance on early commercial sound recordings / Richard Bauman -- Narrative, culture, and mind / Jerome Bruner -- Positioning as a metagrammar for discursive story lines / Rom Harre -- "Ay ay vienen estos juareños?" : on the positioning of selves through code switching by second-generation immigrant college students / Alan D. Hansen ...[et al.] -- A tripartite self-construction model of identity / Leor Cohen -- Narratives of reputation : layerings of social and spatial identities / Gabriella Modan and Amy Shuman -- Identity building through narratives on a Tulu call-in TV show / Malavika Shetty -- Blank check for biography? : openness and ingenuity in the management of the "who-am-I-question" and what life stories actually may not be good for / Michael Bamberg -- Reflection and self-disclosure from the small stories perspective : a study of identity claims in interview and conversational data / Alexandra Georgakopoulou -- Negotiating deviance : identity, trajectories, and norms in a graffitist's interview narrative / Jarmila Mildorf -- Interaction and narrative structure in dementia / Lars Christer Hyden and Linda Örulv -- Concurrent and intervening actions during storytelling in family "ceremonial" dinners / Jenny Mandelbaum -- Truth and authorship in textual trajectories / Isolda E. Carranza -- Legitimation and the heteroglossic nature of closing arguments / Laura Felton Rosulek -- Multimodal storytelling and identity construction in graphic narratives / David Herman -- The role of style-shifting in the functions and purposes of storytelling : detective stories in anime / Fumiko Nazikian. | |
| 506 | 0 |
_aOpen Access _fUnrestricted online access _2star |
|
| 588 | _aDescription based on print version record. | ||
| 650 | 0 |
_aPsycholinguistics _vCongresses. |
|
| 650 | 0 |
_aSociolinguistics _vCongresses. |
|
| 650 | 0 |
_aStorytelling _vCongresses. |
|
| 650 | 0 |
_aNarration (Rhetoric) _vCongresses. |
|
| 650 | 0 |
_aDiscourse analysis, Narrative _vCongresses. |
|
| 655 | 7 |
_aElectronic books. _2local |
|
| 700 | 1 | _aNylund, Anastasia. | |
| 700 | 1 | _aDe Fina, Anna. | |
| 700 | 1 | _aSchiffrin, Deborah. | |
| 710 | 2 |
_aProject Muse. _edistributor |
|
| 830 | 0 | _aBook collections on Project MUSE. | |
| 856 | 4 | 0 |
_zFull text available: _uhttps://muse.jhu.edu/book/13062/ |
| 945 | _aProject MUSE - 2010 Global Cultural Studies | ||
| 945 | _aProject MUSE - 2010 Complete | ||
| 999 |
_c24133 _d24133 |
||